Formel 1 - Gehälter der Fahrer - Statistiken

Allgemein
  • Dieses Quiz wurde 119 mal gespielt
  • Das Durchschnittsergebnis liegt bei 4 aus 11
Antwortstatistiken
Antwort % Korrekt
Max Verstappen
100%
Lewis Hamilton
93%
Charles Leclerc
73%
Fernando Alonso / Lando Norris
64%
George Russell
30%
Carlos Sainz / Pierre Gasly
16%
Oscar Piastri
12%
Isack Hadjar / Oliver Bearman
7%
Lance Stroll / Andrea Kimi Antonelli /Yuki Tsunoda / Liam Lawson
7%
Nico Hülkenberg / Esteban Ocon / Alex Albon
5%
Jack Doohan / Gabriel Bortoleto
4%
Keine übereinstimmenden Quizze gefunden
Verteilung der Resultate
Anzahl Personen mit jedem Resultat
Perzentil nach korrekt beantworteten Fragen
Ihre Resultats-Entwicklung
Sie haben dieses Quiz noch nicht gespielt